000 00409nam a2200109 a 4500
008 120416s9999 xx |||||||||||||| || u
050 _aTS 205 Gwy
100 _aGwyther, J. L
245 1 3 _aAn introduction to workshop processes
350 _a0.00
995 _D0.00
_FCBU-MAIN LIBRARY (Kitwe)
_H1
_I0.75
_UWEEDED
_VAug 31, 2017
_ZMain Library Open Access Collection
999 _c48092
_d48092